Das Grab des ʻAnch-Hor, Obersthofmeister der Gottesgemahlin Nitokris /

محفوظ في:

المؤلف الرئيسي: Bietak, Manfred (مؤلف)

مؤلفون آخرون: Reiser-Haslauer, Elfriede.

التنسيق: كتاب

اللغة: German

منشور في: Wien : Verl. d. Österr. Akad. d. Wiss., 1978-

سلاسل: Untersuchungen der Zweigstelle Kairo des Osterreichischen Archaologischen Institutes ; 4-5.
Denkschriften der Gesamtakademie ; 6-7.

الموضوعات:

الوسوم: إضافة وسم

لا توجد وسوم, كن أول من يضع وسما على هذه التسجيلة!

رقم الطلب: DT57 .O69 v.4-5

LEADER 01349namaa2200325 4500
001 13256
003 OSt
005 20260416152825.0
008 130303m19789999au ae b 000 0 ger d
020 |a 3700102801 (v. 1) 
020 |a 3700104448 (v. 2) 
040 |c ARCE Library 
043 |a f-ua---  
050 4 |a DT57 .O69 v.4-5 
100 1 |a Bietak, Manfred,  |e author  |9 26783 
245 1 4 |a Das Grab des ʻAnch-Hor, Obersthofmeister der Gottesgemahlin Nitokris /  |c Manfred Bietak u. Elfriede Reiser-Haslauer ; mit e. Beitrag von Erhart Graefe u. Relief- u. Fundzeichnungen von Heinz Satzinger.  
264 1 |a Wien :  |b Verl. d. Österr. Akad. d. Wiss.,  |c 1978-  
300 |a volumes :  |b illustrations (some folded) ;  |c 31 cm.  |a & case (32 fold. plans). 
490 1 |a Untersuchungen der Zweigstelle Kairo des Osterreichischen Archaologischen Institutes ;  |v 4-5. 
490 1 |a Denkschriften der Gesamtakademie ;   |v 6-7. 
504 |a Includes bibliographical references. 
600 0 0 |a Anch-Hor  |x Tomb.   |9 25395 
650 0 |a Tombs  |z Egypt  |z ʻAsāsīf.  
651 0 |a Egypt   |x Antiquities. 
700 1 |a Reiser-Haslauer, Elfriede. 
830 0 |a Untersuchungen der Zweigstelle Kairo des Osterreichischen Archaologischen Institutes ;   |v 4-5. 
830 0 |a Denkschriften der Gesamtakademie ;   |v 6-7. 
901 |a reviewed 
942 |c BK  |2 lcc 
999 |c 13168  |d 13168